Elementary linear algebra / (Record no. 495)

MARC details
000 -LEADER
fixed length control field 00512nam a22001937a 4500
005 - DATE AND TIME OF LATEST TRANSACTION
control field 20250420134812.0
008 - FIXED-LENGTH DATA ELEMENTS--GENERAL INFORMATION
fixed length control field 200726b ||||| |||| 00| 0 eng d
020 ## - INTERNATIONAL STANDARD BOOK NUMBER
International Standard Book Number 9781337556217
040 ## - CATALOGING SOURCE
Transcribing agency KCST
082 ## - DEWEY DECIMAL CLASSIFICATION NUMBER
Classification number 512.5
Item number La El
100 ## - MAIN ENTRY--PERSONAL NAME
Personal name Larson, Ron
9 (RLIN) 4703
245 ## - TITLE STATEMENT
Title Elementary linear algebra /
Statement of responsibility, etc. Ron Larson
250 ## - EDITION STATEMENT
Edition statement 8th edition
Remainder of edition statement Metric version
260 ## - PUBLICATION, DISTRIBUTION, ETC.
Place of publication, distribution, etc. [not identified]:
Name of publisher, distributor, etc. Cengage Learning;
Date of publication, distribution, etc. 2017.
300 ## - PHYSICAL DESCRIPTION
Extent various p.
650 ## - SUBJECT ADDED ENTRY--TOPICAL TERM
Topical term or geographic name entry element Linear algebra.
9 (RLIN) 4704
942 ## - ADDED ENTRY ELEMENTS (KOHA)
Koha item type Book
942 ## - ADDED ENTRY ELEMENTS (KOHA)
Source of classification or shelving scheme Dewey Decimal Classification
Holdings
Withdrawn status Lost status Source of classification or shelving scheme Damaged status Not for loan Home library Current library Date acquired Cost, normal purchase price Total checkouts Full call number Barcode Date last seen Price effective from Koha item type
    Dewey Decimal Classification     KCST Library KCST Library 26/07/2020 17.58   512.5 La El 1000000724 26/07/2020 26/07/2020 Book
© 2025 KCST. All rights reserved